| 000 | 01037nam a22003257a 4500 | ||
|---|---|---|---|
| 003 | CHAP | ||
| 005 | 20220817042426.0 | ||
| 008 | 971013s1956 r 00010 d | ||
| 010 | _a44333 | ||
| 011 | _a45305 | ||
| 035 | _a49444 | ||
| 040 | _cCHAP | ||
| 082 |
_a630.72 _bF36 |
||
| 110 | _aFAO | ||
| 245 | _aOrganización de las investigaciones agronómicas en Europa | ||
| 260 |
_aRoma : _bFAO, _c1956 |
||
| 300 | _a82 p. | ||
| 490 |
_aFAO. Cuaderno de fomento agropecuario _v; 29 |
||
| 590 |
_aBATCH-UPD _b10 _c20130110 _lUCH01 _h2016 |
||
| 590 |
_aBATCH-UPD _b10 _c20130410 _lUCH01 _h1335 |
||
| 590 |
_aBATCH-UPD _b10 _c20140805 _lUCH01 _h1145 |
||
| 590 |
_aCONVERSION _b10 _c20130109 _lUCH01 _h1324 |
||
| 650 | 1 | 4 |
_aAgricultura _xInvestigación. _91577 |
| 700 | 0 |
_aPhillips, Ralph W. _987831 |
|
| 830 | 0 |
_aFAO. Cuaderno de fomento agropecuario _v; 29 _939504 |
|
| 901 | _aBK | ||
| 942 | _cLIBRO | ||
| 949 |
_a630.72 F36 _bBC _cFAO _d-111535 _eFAO1 _h20125 _i49444 _si |
||
| 949 |
_a630.72 F36 _bBC _cFAO _d-111536 _eFAO2 _fc.2 _h38494 _i49444 _si |
||
| 999 |
_c44333 _d44333 |
||